| 000 | 00000nam 2200000zi 4500 |
| 001 | 9.905296 |
| 003 | CaOODSP |
| 005 | 20221107180805 |
| 006 | m o d f |
| 007 | cr cn||||||||| |
| 008 | 211124s1922 onc|||| o f000 0 fre d |
| 040 | |aCaOODSP|bfre|erda|cCaOODSP |
| 043 | |an-cn--- |
| 086 | 1 |aA12-2/8-1922F-PDF |
| 100 | 1 |aShutt, Frank T. |q(Frank Thomas), |d1859-1940 |eauteur. |
| 245 | 10|aEngrais pour les récoltes de la ferme : |bnature, action et mode d'emploi et résultats d'essais récents exécutés au Canada / |cpar Frank T. Shutt et B. Leslie Emslie. |
| 264 | 1|aOttawa : |bMinistère de l'agriculture, |c1922. |
| 300 | |a1 ressource en ligne (72 pages). |
| 336 | |atexte|btxt|2rdacontent/fre |
| 337 | |ainformatique|bc|2rdamedia/fre |
| 338 | |aressource en ligne|bcr|2rdacarrier/fre |
| 490 | 1 |aBulletin, nouvelle série ; |vno. 8 |
| 500 | |aÉdition numérisée de l'imprimé [par Agriculture et agroalimentaire Canada]. |
| 500 | |aPublié aussi en anglais sous le titre : Fertilizers for field crops : their nature, functions and application, with results from recent experiments in Canada. |
| 500 | |aTitre de la couverture. |
| 500 | |a«Service de la chimie. Fermes expérimentales fédérales.» |
| 650 | 6|aEngrais et amendements|zCanada. |
| 710 | 1 |aCanada. |bMinistère de l'agriculture, |eorganisme de publication. |
| 775 | 08|tFertilizers for field crops |w(CaOODSP)9.816799 |
| 830 | #0|aBulletin (Canada. Ministerè de l'agriculture) |vnº 8. |w(CaOODSP)9.812393 |
| 856 | 40|qPDF|s5.72 Mo|uhttps://publications.gc.ca/collections/collection_2021/aac-aafc/A12-2-8-1922-fra.pdf |